Empate catastrófico y punto de bifurcación /
En el presente trabajo se analiza cómo, a partir de la crisis institucional en Bolivia, que devino en la renuncia de Sánchez de Lozada a la presidencia y la elección de Evo Morales como primer mandatario, se consolidó un proceso de construcción de un nuevo proyecto social y político, indígena y popu...
Salvato in:
| Autore principale: | |
|---|---|
| Natura: | testo |
| Soggetti: | |
| Tags: |
Aggiungi Tag
Nessun Tag, puoi essere il primo ad aggiungerne!!
|
MARC
| LEADER | 00000 a a2200000 04500 | ||
|---|---|---|---|
| 001 | 4147 | ||
| 003 | |||
| 040 | |||
| 100 | |a García Linera, Alvaro | ||
| 245 | |a Empate catastrófico y punto de bifurcación / |c Alvaro García Linera | ||
| 520 | |a En el presente trabajo se analiza cómo, a partir de la crisis institucional en Bolivia, que devino en la renuncia de Sánchez de Lozada a la presidencia y la elección de Evo Morales como primer mandatario, se consolidó un proceso de construcción de un nuevo proyecto social y político, indígena y popular capaz, según el autor, de disputarle el poder al neoliberalismo de los bloques dominantes. Ninguno de estos sectores, sin embargo, se encuentra en condiciones de hegemonizar los ámbitos y el consenso para la toma de decisiones | ||
| 650 | |a BOLIVIA | ||
| 650 | |a CRISIS | ||
| 650 | |a ASPECTOS POLITICOS | ||
| 650 | |a ESTADO | ||
| 650 | |a DEMOCRACIA | ||
| 650 | |a DESARROLLO POLITICO | ||
| 773 | |g volumen 1, número 1; páginas 23-33 | ||
| 999 | |c 37267 |d 37267 | ||
